000 00508nam a22001457a 4500
082 _aBEE-4 MAN
100 _aUmer Mansoor
_992914
245 _aWidth tunable multiple optical pulsed source generation for optical communication system
260 _aIslamabad
_bNUST-SEECS
_c2016
300 _a63p.
_b27cm.
_eCD Includes
500 _aSupervisors:Dr. Salman Abdul Ghaoor, Dr. Ahmed Salman
700 _aMuhammad Hammad
_969373
856 _uhttp://10.250.8.41:8080/xmlui/handle/123456789/9801
942 _cPR
_2ddc
999 _c13629
_d13629